02825nam a2200349 a 450000500170000000800410001702000080005804100080006610000220007424501200009625000110021626000600022730000160028750001840030365301100048765300960059765300800069365301950077365302930096865302210126165303490148265301440183165302670197565300710224270000230231370000190233670000240235570000270237970000210240670000240242770000240245120240503093650.0141203t1975||||ag a f |||| 001 0 spa d aS/I aspa1 aVotta, Roberto A. aLíquido amniótico. bInvestigaciones clínicas aplicadas al conocimiento del estado fetal /cRoberto A. Votta. a1a ed. aBuenos Aires: bEditorial Médica Panamericana;c1975. a168 p.bIl. aVotta, R. A. et al. (1975). Líquido amniótico. Investigaciones clínicas aplicadas al conocimiento del estado fetal. (1a ed.). Buenos Aires : Editorial Médica Panamericana. aDinámica del líquido amniótico: Formación, circulación y reabsorción. Volumen. Composición. aTécnicas de la amniocentesis: Amniocentesis transparietoabdominal. Amniocentesis vaginal. aInconvenientes de la amniocentesis: Por vía abdominal. Por vía vaginal. aAplicaciones clínicas del estudio cotológico del líquido amniótico: Generalidades, aplicación. Origen de las células del líquido amniótico. Diagnóstico de la madurez fetal. aAplicaciones clínicas del estudio de la creatinina del líquido amniótico: Generalidades sobre concentración de creatinina. Madurez fetal y concentración de creatinina. Concentración de creatinina y peso fetal. Concentración de creatinina y volumen del líquido amniótico. aFosfolípidos del líquido y madurez pulmonar del feto: Valoración de la madurez pulmonar fetal. Valor del estudio de los fosfolipidos en los embarazos patológicos. Inducción enzimática de la madurez fetal. aVitalidad fetal y estudio del líquido amniótico: Determinación de la bililrrubina del líquido amniótico en la ertrobastosis fetal. Tensión de oxigeno y equilibrio ácido-base. Reacciones inmunológicas en el líquido amniótico de embarazadas chagásicas. Glucosa en elíquido amniótico. Estriol en el líquido amniótico. aAmniografías: Localización placentaria. Morfología del útero. Morfología del feto. Madurez fetal. Vitalidad fetal. Molagrafía.  aDiagnóstico prenatal de anomalías genéticas mediante el estudio del líquido amniótico: Técnica. Amniocentesis. Estudio de las células no cultivadas. Estudio de células cultivadas. Estudio de los componentes no celulares del líquido amniótico. aPosibilidades de la terapéutica fetal por vía intraamniótica1 aParada, Osvaldo H.1 aGadow, Enrique1 aWinograd, Raúl H.1 aGregoretti, María A.1 aSalcedo, Liliana1 aMarchese, Carlos A.1 aPastori, Ángel A.